Cities - Statistics

General Stats
  • This quiz has been taken 23 times
  • The average score is 4 of 8
Answers on the Grid
Answers color-coded by a green-red scale on the quiz's grid according to % correct below.
New York City
Dhsk
Diddy's Fun House
Yonkers
Grand Island
Stalingrad
Omaha
Toronto
John's Birthday
Hell
Truth or Consequences
Miami
 
Answer Stats
Answer % Correct
New York City
94%
Toronto
88%
Miami
81%
Yonkers
56%
Omaha
50%
Hell
38%
Truth or Consequences
25%
Grand Island
13%
No matching quizzes found
Score Distribution
Percent of People with Each Score
Percentile by Number Answered
Your Score History
You have not taken this quiz